[Event "2014 Australian Championships"]
[Site "Melbourne"]
[Date "2014.01.03"]
[Round "2.3"]
[White "Smirnov, Anton"]
[Black "Cheng, Bobby"]
[Result "0-1"]
[WhiteElo "2338"]
[BlackElo "2433"]
[PlyCount "144"]
[EventDate "2014.01.??"]
[EventType "swiss"]
[EventRounds "11"]
[EventCountry "AUS"]
[SourceDate "2014.01.02"]
[WhiteClock "0:15:31"]
[BlackClock "0:04:54"]

1. e4 e6 2. d4 d5 3. Nc3 Bb4 4. e5 c5 5. a3 Bxc3+ 6. bxc3 Qa5 7. Bd2 Qa4 8. Qb1
c4 9. Ne2 Nc6 10. Ng3 Bd7 11. Nh5 g6 12. Nf6+ Nxf6 13. exf6 O-O-O 14. Be2 Rde8
15. O-O Qa5 16. Qc1 e5 17. dxe5 Rxe5 18. Bf3 Rhe8 19. Bf4 Rf5 20. Qd2 Ne5 21.
Bxe5 Rfxe5 22. Rad1 Bc6 23. Qd4 Qxa3 24. h3 a6 25. Rb1 Qd6 26. Qb6 h5 27. Rfd1
R8e6 28. Qd4 Rxf6 29. Ra1 Rg5 30. Kh1 Rf4 31. Qd2 Qf6 32. Kh2 Rh4 33. Qe3 Re5
34. Qc5 Qf4+ 35. Kg1 Rxh3 36. gxh3 Qxf3 37. Qd4 f6 38. Re1 Rg5+ 39. Kf1 Qxh3+
40. Ke2 Re5+ 41. Kd2 Qf5 42. f4 Re4 43. Rxe4 dxe4 44. Qe3 h4 45. Rd1 g5 46. Qa7
Qxf4+ 47. Ke2 Qf3+ 48. Ke1 Qxc3+ 49. Ke2 Qf3+ 50. Ke1 Kc7 51. Qd4 Qg3+ 52. Ke2
Kb8 53. Qc5 Qh2+ 54. Ke1 Qc7 55. Qf8+ Ka7 56. Rd8 Qg3+ 57. Ke2 Qh2+ 58. Ke1 Qe5
59. Ra8+ Kb6 60. Qb4+ Bb5 61. Rd8 Qg3+ 62. Kd2 Qf4+ 63. Kc3 Qe5+ 64. Kd2 e3+
65. Kd1 Kc7 66. Qf8 e2+ 67. Ke1 Qg3+ 68. Kxe2 c3+ 69. Rd3 Bxd3+ 70. cxd3 Qg2+
71. Ke3 Qd2+ 72. Kd4 Qb2 0-1

[Event "2014 Australian Championships"]
[Site "Melbourne"]
[Date "2014.01.03"]
[Round "2.4"]
[White "Li, Luke"]
[Black "Ly, Moulthun"]
[Result "1/2-1/2"]
[WhiteElo "2336"]
[BlackElo "2416"]
[PlyCount "83"]
[EventDate "2014.01.??"]
[EventType "swiss"]
[EventRounds "11"]
[EventCountry "AUS"]
[SourceDate "2014.01.02"]

1. d4 Nf6 2. c4 e6 3. Nc3 Bb4 4. Qc2 O-O 5. a3 Bxc3+ 6. Qxc3 Qe8 7. f3 d5 8.
cxd5 Nxd5 9. Qd3 f5 10. e4 Nf6 11. Bg5 Nbd7 12. Rc1 c6 13. Bxf6 Nxf6 14. e5 Nd5
15. Ne2 b6 16. Nc3 Nc7 17. Qe3 Qd7 18. Bc4 Ba6 19. Bxa6 Nxa6 20. Kf2 Nc7 21.
Rhd1 Rac8 22. Qd3 Rfd8 23. Qc4 Qe7 24. g3 Nd5 25. Nxd5 Rxd5 26. b4 Qd7 27. Ke2
h6 28. Rd3 Kh7 29. f4 Qb7 30. Ke3 g5 31. Rdc3 c5 32. dxc5 bxc5 33. Qe2 Rd4 34.
Qf3 gxf4+ 35. gxf4 Re4+ 36. Kf2 Qe7 37. Rxc5 Qh4+ 38. Qg3 Rxf4+ 39. Ke3 Re4+
40. Kf2 Rf4+ 41. Ke3 Re4+ 42. Kf2 1/2-1/2

[Event "2014 Australian Championships"]
[Site "Melbourne"]
[Date "2014.01.03"]
[Round "2.5"]
[White "Zelesco, Karl"]
[Black "Morris, James"]
[Result "1/2-1/2"]
[WhiteElo "2242"]
[BlackElo "2405"]
[PlyCount "120"]
[EventDate "2014.01.??"]
[EventType "swiss"]
[EventRounds "11"]
[EventCountry "AUS"]
[SourceDate "2014.01.02"]
[WhiteClock "0:14:34"]
[BlackClock "0:12:03"]

1. d4 Nf6 2. c4 e6 3. Nc3 d5 4. cxd5 exd5 5. Bg5 Be7 6. e3 Nbd7 7. Bd3 Nf8 8.
Nf3 c6 9. O-O Bg4 10. Bxf6 Bxf6 11. b4 Ne6 12. Rc1 Rc8 13. Na4 O-O 14. h3 Bh5
15. Be2 b5 16. Nb2 a5 17. a3 Bxf3 18. Bxf3 Be7 19. Nd3 Bd6 20. Qb3 Ng5 21. Be2
Ne4 22. Rc2 a4 23. Qa2 Qd7 24. Rfc1 Rfe8 25. Bg4 f5 26. Rxc6 Rxc6 27. Qxd5+ Kf8
28. Qxc6 Qxc6 29. Rxc6 fxg4 30. hxg4 Ke7 31. Rc2 Nf6 32. g5 Ne4 33. f4 Kd7 34.
Kf1 Rc8 35. Nc5+ Bxc5 36. bxc5 b4 37. axb4 a3 38. Ke2 a2 39. Rxa2 Nc3+ 40. Kd3
Nxa2 41. b5 Nb4+ 42. Kc4 Nc2 43. e4 Ne3+ 44. Kd3 Nxg2 45. f5 h5 46. gxh6 gxh6
47. e5 h5 48. c6+ Kc7 49. Ke4 h4 50. d5 h3 51. d6+ Kb8 52. c7+ Rxc7 53. dxc7+
Kxc7 54. Kf3 Ne3 55. Kg3 Nxf5+ 56. Kxh3 Nd4 57. Kg4 Nxb5 58. Kf5 Nd4+ 59. Kf6
Kd7 60. e6+ Nxe6 1/2-1/2

[Event "2014 Australian Championships"]
[Site "Melbourne"]
[Date "2014.01.03"]
[Round "2.6"]
[White "Lane, Gary"]
[Black "Castor, David"]
[Result "1-0"]
[WhiteElo "2375"]
[BlackElo "2125"]
[PlyCount "71"]
[EventDate "2014.01.??"]
[EventType "swiss"]
[EventRounds "11"]
[EventCountry "AUS"]
[SourceDate "2014.01.02"]

1. e4 c6 2. Nc3 d5 3. Nf3 Bg4 4. h3 Bxf3 5. Qxf3 Nf6 6. d3 e6 7. Bd2 Be7 8. g4
c5 9. exd5 Nxd5 10. Nxd5 exd5 11. Bg2 Qb6 12. Qxd5 Nc6 13. O-O O-O 14. Bc3 Rad8
15. Qe4 Qc7 16. f4 Rfe8 17. Rae1 Qd7 18. Qf3 Bh4 19. Re4 Rxe4 20. Qxe4 Re8 21.
Qc4 Nd4 22. Be4 Ne2+ 23. Kg2 Nxc3 24. bxc3 Be7 25. a4 b6 26. Qb5 Qxb5 27. axb5
Bf6 28. Ra1 Re7 29. Ra3 g6 30. Kf3 Rc7 31. Ke3 Kf8 32. g5 Bg7 33. d4 Ke7 34.
Bc6 cxd4+ 35. cxd4 a5 36. bxa6 1-0

[Event "2014 Australian Championships"]
[Site "Melbourne"]
[Date "2014.01.03"]
[Round "2.7"]
[White "Levi, Eddy"]
[Black "Solomon, Stephen"]
[Result "0-1"]
[WhiteElo "2134"]
[BlackElo "2371"]
[PlyCount "74"]
[EventDate "2014.01.??"]
[EventType "swiss"]
[EventRounds "11"]
[EventCountry "AUS"]
[SourceDate "2014.01.02"]

1. e4 c5 2. d3 Nc6 3. f4 d5 4. Be2 g6 5. exd5 Qxd5 6. Nc3 Qd7 7. Nf3 Bg7 8. O-O
b6 9. Ne4 Bb7 10. Qe1 Nh6 11. c3 O-O 12. Be3 f5 13. Nf2 Rae8 14. Qd2 Ng4 15.
Nxg4 fxg4 16. Ng5 e5 17. Ne4 h5 18. Bd1 Rd8 19. Bc2 Ne7 20. Qe2 Nf5 21. fxe5
Bxe5 22. Bf4 Bxf4 23. Rxf4 Rde8 24. Raf1 Kg7 25. Qf2 Qe7 26. Qd2 Rd8 27. Qf2 a5
28. a4 Ba6 29. Rd1 Qe5 30. Ng3 Ne3 31. Rxf8 Rxf8 32. Qe2 Qf4 33. Rb1 Nxc2 34.
Qxc2 Qe3+ 35. Kh1 Bxd3 36. Qc1 Qxc1+ 37. Rxc1 h4 0-1

[Event "2014 Australian Championships"]
[Site "Melbourne"]
[Date "2014.01.03"]
[Round "2.8"]
[White "Sukandar, Irene"]
[Black "Loh, Zachary"]
[Result "1/2-1/2"]
[WhiteElo "2369"]
[BlackElo "2032"]
[PlyCount "106"]
[EventDate "2014.01.??"]
[EventType "swiss"]
[EventRounds "11"]
[EventCountry "AUS"]
[SourceDate "2014.01.02"]

1. e4 c6 2. d4 d5 3. Nc3 dxe4 4. Nxe4 Bf5 5. Ng3 Bg6 6. h4 h6 7. Nf3 Nd7 8. h5
Bh7 9. Bd3 Bxd3 10. Qxd3 e6 11. Bd2 Ngf6 12. O-O-O Be7 13. Kb1 c5 14. Bc3 O-O
15. dxc5 Nxc5 16. Qe2 Qb6 17. Bd4 Qa6 18. c4 Rac8 19. Ne5 Rfd8 20. Rhe1 Ncd7
21. Rc1 Nxe5 22. Bxe5 Nd7 23. Bf4 Bb4 24. Red1 Nf6 25. Rxd8+ Rxd8 26. Be5 Rd2
27. Qf3 Qb6 28. Ne2 Bd6 29. Bc3 Ba3 30. Rc2 Rxc2 31. Kxc2 Be7 32. b3 Qc5 33.
Ng3 b5 34. Bxf6 Bxf6 35. Ne4 Qa3 36. Nxf6+ gxf6 37. Qg3+ Kh7 38. Qd3+ Kg7 39.
Kb1 bxc4 40. Qxc4 Qd6 41. Qg4+ Kh7 42. Qf3 Qe5 43. b4 Qe1+ 44. Kc2 Qxb4 45.
Qxf6 Qc5+ 46. Kb3 Qxh5 47. g3 Qg6 48. Qd4 Qb1+ 49. Ka3 Qb7 50. Qd3+ Kg7 51.
Qd4+ Kh7 52. Qd3+ Kg7 53. Qd4+ Kh7 1/2-1/2

[Event "2014 Australian Championships"]
[Site "Melbourne"]
[Date "2014.01.03"]
[Round "2.9"]
[White "Tu, Hoang Thong"]
[Black "Penrose, Justin"]
[Result "1-0"]
[WhiteElo "2428"]
[BlackElo "1986"]
[PlyCount "61"]
[EventDate "2014.01.??"]
[EventType "swiss"]
[EventRounds "11"]
[EventCountry "AUS"]
[SourceDate "2014.01.02"]

1. d4 d5 2. Nf3 Nf6 3. c4 c6 4. g3 Bf5 5. Qb3 Qb6 6. Nc3 e6 7. c5 Qxb3 8. axb3
Nbd7 9. b4 a6 10. b5 cxb5 11. Nxb5 Rc8 12. Nc3 Ne4 13. Nh4 Nxc3 14. bxc3 Be4
15. f3 Bc2 16. Kd2 Bg6 17. e4 dxe4 18. Nxg6 e3+ 19. Kxe3 hxg6 20. Rb1 Rc7 21.
Bg2 Kd8 22. Kd3 Kc8 23. h4 Be7 24. Bd2 e5 25. f4 exd4 26. cxd4 Nb8 27. Ba5 Rd7
28. Rhc1 f5 29. c6 bxc6 30. Bxc6 Bd6 31. Bb7# 1-0

[Event "2014 Australian Championships"]
[Site "Melbourne"]
[Date "2014.01.03"]
[Round "2.10"]
[White "Johansen, Darryl"]
[Black "McClymont, Brodie"]
[Result "1-0"]
[WhiteElo "2406"]
[BlackElo "2261"]
[PlyCount "115"]
[EventDate "2014.01.??"]
[EventType "swiss"]
[EventRounds "11"]
[EventCountry "AUS"]
[SourceDate "2014.01.02"]

1. c4 g6 2. e4 Bg7 3. d4 d6 4. Nc3 Nd7 5. Be2 e5 6. Nf3 Ngf6 7. O-O O-O 8. Qc2
c6 9. Rd1 Qc7 10. Rb1 a6 11. b3 exd4 12. Nxd4 b5 13. Bf4 Re8 14. Nf3 b4 15.
Bxd6 Qa5 16. e5 bxc3 17. exf6 Nxf6 18. b4 Qf5 19. Bd3 Qh5 20. Re1 Bg4 21. Ne5
Re6 22. c5 Rae8 23. f3 Bf5 24. Bxf5 Qxf5 25. Qxf5 gxf5 26. Kf1 Nd5 27. Nd3 Ne3+
28. Kf2 c2 29. Rbc1 Nd1+ 30. Kf1 Rxe1+ 31. Nxe1 Bb2 32. Rxc2 Ne3+ 33. Kf2 Nxc2
34. Nxc2 f6 35. f4 Kf7 36. Kf3 Bc3 37. Ne3 Ke6 38. a3 Bd4 39. Nc4 h5 40. Bc7
Bg1 41. Kg3 Re7 42. Bd6 Rg7+ 43. Kh3 Kd5 44. Nb6+ Ke4 45. Nc8 Bf2 46. Ne7 Rg4
47. g3 h4 48. Kg2 Be1 49. Nxc6 hxg3 50. h3 Rg7 51. Ne7 Bf2 52. a4 Be3 53. c6
Bb6 54. b5 axb5 55. axb5 Ba5 56. c7 Bxc7 57. Bxc7 Rxe7 58. b6 1-0

[Event "2014 Australian Championships"]
[Site "Melbourne"]
[Date "2014.01.03"]
[Round "2.11"]
[White "Canfell, Greg"]
[Black "Matheson, Laurence"]
[Result "0-1"]
[WhiteElo "2343"]
[BlackElo "2161"]
[PlyCount "66"]
[EventDate "2014.01.??"]
[EventType "swiss"]
[EventRounds "11"]
[EventCountry "AUS"]
[SourceDate "2014.01.02"]

1. e4 c6 2. d4 d5 3. Nd2 dxe4 4. Nxe4 Bf5 5. Ng3 Bg6 6. h4 h6 7. Nf3 e6 8. h5
Bh7 9. Bd3 Bxd3 10. Qxd3 Nf6 11. Bd2 c5 12. O-O-O Nc6 13. Qb5 Qb6 14. Qxb6 axb6
15. a3 cxd4 16. Rhe1 O-O-O 17. Bf4 Bd6 18. Bxd6 Rxd6 19. b4 Rd5 20. Rd2 Rhd8
21. Red1 R8d7 22. Kb2 b5 23. Kb3 Kc7 24. Rd3 Nxh5 25. Nxh5 Rxh5 26. Nxd4 Nxd4+
27. Rxd4 Rhd5 28. Rxd5 Rxd5 29. Rf1 e5 30. g4 Rd4 31. Rg1 Rf4 32. Rg2 Rf3+ 33.
c3 f6 0-1

[Event "2014 Australian Championships"]
[Site "Melbourne"]
[Date "2014.01.03"]
[Round "2.12"]
[White "Stojic, Svetozar"]
[Black "Dragicevic, Domagoj"]
[Result "0-1"]
[WhiteElo "2029"]
[BlackElo "2199"]
[PlyCount "194"]
[EventDate "2014.01.??"]
[EventType "swiss"]
[EventRounds "11"]
[EventCountry "AUS"]
[SourceDate "2014.01.02"]

1. e4 e5 2. Nf3 Nc6 3. Bb5 Nf6 4. O-O Nxe4 5. d4 Be7 6. Re1 Nd6 7. Bxc6 dxc6 8.
dxe5 Nf5 9. Qxd8+ Bxd8 10. Bg5 Nd4 11. Bxd8 Nxf3+ 12. gxf3 Kxd8 13. Nc3 Bf5 14.
Ne4 Ke7 15. c3 Rad8 16. Ng3 Ke6 17. Nxf5 Kxf5 18. Rad1 Rhe8 19. Kg2 Rxd1 20.
Rxd1 Re7 21. Rd8 a5 22. b4 axb4 23. cxb4 b5 24. Rg8 g6 25. Rg7 h5 26. f4 Ke6
27. Rg8 Rd7 28. Re8+ Kd5 29. a3 c5 30. bxc5 Kxc5 31. e6 fxe6 32. Rxe6 Rd6 33.
Re5+ Kc4 34. f5 gxf5 35. Rxf5 Rd5 36. Rf4+ Kb3 37. Rf3+ Kb2 38. Re3 c5 39. f4
c4 40. Re5 Rxe5 41. fxe5 c3 42. e6 c2 43. e7 c1=Q 44. e8=Q Qg5+ 45. Kf2 Qc5+
46. Kg3 Kxa3 47. Kh4 b4 48. Qa8+ Kb2 49. Qg2+ Qc2 50. Qg7+ Kb3 51. h3 Qc5 52.
Qf6 Kc2 53. Qg6+ Kc1 54. Qh6+ Kc2 55. Qg6+ Kb2 56. Qg2+ Qc2 57. Qg7+ Ka3 58.
Qa7+ Qa4 59. Qe3+ b3+ 60. Kxh5 Qb5+ 61. Kg6 Qc6+ 62. Kf7 Qc7+ 63. Kg8 Ka2 64.
Qe6 Qg3+ 65. Kf7 Qf4+ 66. Kg8 Qd4 67. Kf7 Kb2 68. Qe2+ Kc1 69. Qe1+ Qd1 70.
Qe3+ Kb1 71. Qe4+ Qc2 72. Qe1+ Qc1 73. Qe4+ Ka1 74. Qa4+ Kb2 75. h4 Qc7+ 76.
Kg8 Qd8+ 77. Kf7 Qd5+ 78. Kg6 Kc3 79. Qa3 Qc6+ 80. Kg5 Kc2 81. Qe7 b2 82. Qe2+
Kb3 83. Qd1+ Ka2 84. Qe2 Ka3 85. Qd3+ Ka4 86. Qd4+ Kb3 87. Qd3+ Qc3 88. Qd1+
Ka3 89. Qd6+ Kb3 90. Qd1+ Ka2 91. Qa4+ Kb1 92. Qe4+ Kc1 93. Qh1+ Kc2 94. Qe4+
Kd1 95. Qg4+ Kc1 96. Qg1+ Kc2 97. Kh5 Qh8+ 0-1

[Event "2014 Australian Championships"]
[Site "Melbourne"]
[Date "2014.01.03"]
[Round "2.13"]
[White "Wohl, Aleksandar"]
[Black "Michaille, Laurent"]
[Result "1-0"]
[WhiteElo "2371"]
[BlackElo "2115"]
[PlyCount "55"]
[EventDate "2014.01.??"]
[EventType "swiss"]
[EventRounds "11"]
[EventCountry "AUS"]
[SourceDate "2014.01.02"]

1. e4 c5 2. Nf3 Nc6 3. Bb5 g6 4. O-O Bg7 5. c3 Nf6 6. Re1 O-O 7. h3 Qc7 8. d4
cxd4 9. cxd4 d5 10. e5 Ne4 11. Nc3 Nxc3 12. bxc3 Na5 13. Ba3 Bf5 14. Bb4 a6 15.
Bf1 Rfe8 16. g4 Bd7 17. Ng5 Nc4 18. Qf3 Be6 19. Qg3 b6 20. Qh4 h6 21. Nxe6 fxe6
22. Bd3 Nd2 23. Re3 a5 24. Bxg6 axb4 25. g5 hxg5 26. Qh7+ Kf8 27. Bh5 Qc4 28.
Rd1 1-0

[Event "2014 Australian Championships"]
[Site "Melbourne"]
[Date "2014.01.03"]
[Round "2.14"]
[White "Pyke, Malcolm"]
[Black "Goldenberg, Igor"]
[Result "0-1"]
[WhiteElo "2123"]
[BlackElo "2373"]
[PlyCount "116"]
[EventDate "2014.01.??"]
[EventType "swiss"]
[EventRounds "11"]
[EventCountry "AUS"]
[SourceDate "2014.01.02"]

1. c4 Nf6 2. Nc3 c5 3. g3 e6 4. Nf3 b6 5. Bg2 Bb7 6. O-O Be7 7. b3 O-O 8. Bb2
a6 9. e3 d6 10. Qe2 Nbd7 11. Rfd1 Qc7 12. Rac1 Rfe8 13. d3 Rac8 14. Ne1 Bxg2
15. Nxg2 Qb7 16. f4 b5 17. e4 Nb8 18. Ne1 Nc6 19. Nf3 Nd7 20. Nb1 Qb8 21. Nbd2
Bf6 22. Bxf6 Nxf6 23. Nf1 Rcd8 24. Ne3 Qb6 25. Kg2 Qb7 26. Kg1 Qb6 27. Kg2 Qb7
28. Kg1 Nd7 29. Qg2 Qb6 30. Kh1 Nf8 31. g4 Nd4 32. Nxd4 cxd4 33. Nf1 Ng6 34.
Qf2 e5 35. f5 Nf4 36. Ng3 bxc4 37. bxc4 Rb8 38. Rc2 Qd8 39. Ne2 Nxe2 40. Rxe2
Qg5 41. Rg1 Rb7 42. h4 Qh6 43. Kg2 Reb8 44. Rh1 Rb1 45. Rhe1 a5 46. a4 R1b3 47.
Rd1 Kf8 48. Ra2 Ke8 49. Kg3 R8b4 50. Qf3 f6 51. Rc2 Rb2 52. Rxb2 Rxb2 53. Qf1
Kd7 54. Qf3 Kc6 55. g5 fxg5 56. h5 g4 57. Kxg4 Rh2 58. Kg3 Rxh5 0-1

[Event "2014 Australian Championships"]
[Site "Melbourne"]
[Date "2014.01.03"]
[Round "2.15"]
[White "Jordan, Bill"]
[Black "Charles, Gareth"]
[Result "1/2-1/2"]
[WhiteElo "2270"]
[BlackElo "2150"]
[PlyCount "146"]
[EventDate "2014.01.??"]
[EventType "swiss"]
[EventRounds "11"]
[EventCountry "AUS"]
[SourceDate "2014.01.02"]

1. e4 c5 2. Nf3 Nc6 3. Bb5 g6 4. O-O Bg7 5. c3 Nf6 6. Re1 O-O 7. d4 d5 8. e5
Ne4 9. h3 Qb6 10. Ba4 cxd4 11. cxd4 Bf5 12. Nc3 Nxc3 13. bxc3 Na5 14. Bg5 Qc7
15. Qd2 Nc4 16. Qf4 Nb2 17. Bb3 Nd3 18. Qh4 Nxe1 19. Rxe1 f6 20. Bxd5+ Kh8 21.
Bh6 Rae8 22. Re3 Qd7 23. Bb3 Be6 24. Bxe6 Qxe6 25. exf6 Qxf6 26. Ng5 Bxh6 27.
Qxh6 Qxf2+ 28. Kh2 Qf4+ 29. Rg3 Rf7 30. Nxf7+ Qxf7 31. a4 e5 32. Rf3 Qg7 33.
Qe3 e4 34. Rf4 Qe7 35. c4 Qc7 36. Kh1 Qxc4 37. Rxe4 Rxe4 38. Qxe4 Qxa4 39. Qe5+
Kg8 40. Qb8+ Kg7 41. Qxb7+ Kh6 42. Qe4 Qd7 43. d5 a5 44. Qe3+ g5 45. Qb6+ Kg7
46. Qxa5 Kf6 47. Qc3+ Kf5 48. Qd4 Qd6 49. Kg1 Qe5 50. Qd3+ Kf6 51. d6 Qc5+ 52.
Kf1 Qc1+ 53. Ke2 Qb2+ 54. Kf3 g4+ 55. hxg4 Ke6 56. d7 Qb7+ 57. Kf4 Qxd7 58.
Qxd7+ Kxd7 59. Kg5 Ke6 60. Kh6 Ke5 61. Kh5 Kf4 62. Kh4 h6 63. Kh3 Ke4 64. Kg3
Ke3 65. Kh3 Kf2 66. Kh2 Kf1 67. Kg3 Ke2 68. Kh4 Kf2 69. Kh3 Ke2 70. Kg3 Ke3 71.
Kh4 Kf2 72. Kh5 Kg3 73. Kxh6 Kxg4 1/2-1/2

[Event "2014 Australian Championships"]
[Site "Melbourne"]
[Date "2014.01.03"]
[Round "2.16"]
[White "Brown, Andrew"]
[Black "Hu, Jason"]
[Result "1-0"]
[WhiteElo "2259"]
[BlackElo "2118"]
[PlyCount "185"]
[EventDate "2014.01.??"]
[EventType "swiss"]
[EventRounds "11"]
[EventCountry "AUS"]
[SourceDate "2014.01.02"]

1. d4 c6 2. c4 d5 3. Nf3 Nf6 4. Nc3 e6 5. Bg5 Bb4 6. e3 Qa5 7. Bxf6 Bxc3+ 8.
bxc3 Qxc3+ 9. Nd2 gxf6 10. cxd5 exd5 11. Be2 Bf5 12. O-O Nd7 13. Bf3 Qc2 14.
Qe1 O-O 15. e4 Rfe8 16. Rc1 Qxa2 17. Qe3 dxe4 18. Bxe4 Bg6 19. Ra1 Qe6 20. Qg3
f5 21. Bf3 Nf6 22. h4 h5 23. Ra5 Rad8 24. Re5 Qd6 25. Nb3 Kg7 26. Rfe1 Qb8 27.
Qg5 Ne4 28. R1xe4 fxe4 29. Bxh5 Qd6 30. Nc5 Qf6 31. Qg3 Rxe5 32. dxe5 Qe7 33.
Nxe4 Rh8 34. Nf6 Qb4 35. Bxg6 fxg6 36. h5 Qb1+ 37. Kh2 Qf5 38. f4 a5 39. Qe3 a4
40. Qd4 a3 41. g4 Qe6 42. Qb4 a2 43. Qxb7+ Qf7 44. Qa6 gxh5 45. gxh5 Rxh5+ 46.
Nxh5+ Qxh5+ 47. Kg3 Qg6+ 48. Kh4 Qb1 49. Qa3 Qh1+ 50. Kg3 Qg1+ 51. Kf3 a1=Q 52.
Qe7+ Kh8 53. Qf8+ Kh7 54. Qf7+ Kh6 55. Qf6+ Kh7 56. Qf7+ Qg7 57. Qh5+ Kg8 58.
Qe8+ Qf8 59. Qg6+ Kh8 60. Qh5+ Kg7 61. Qg4+ Kf7 62. Qd7+ Qe7 63. Qf5+ Ke8 64.
Qc8+ Qd8 65. Qe6+ Kf8 66. Qh6+ Ke7 67. Qf6+ Kd7 68. e6+ Kc7 69. Qxa1 Qd5+ 70.
Kf2 Qd2+ 71. Kg3 Qe3+ 72. Kg4 Qxe6+ 73. f5 Qe4+ 74. Kg5 Qg2+ 75. Kf6 Qh3 76.
Qa7+ Kd6 77. Qe7+ Kd5 78. Qe6+ Kc5 79. Ke7 Qh7+ 80. Qf7 Qh2 81. Kf8 Qh8+ 82.
Ke7 Qe5+ 83. Qe6 Qg7+ 84. Ke8 Qh8+ 85. Kd7 Qd4+ 86. Kc8 Qh8+ 87. Kc7 Qg7+ 88.
Qd7 Qe5+ 89. Kc8 Kb6 90. Qd8+ Kb5 91. f6 Qe6+ 92. Kc7 Qe5+ 93. Kb7 1-0

[Event "2014 Australian Championships"]
[Site "Melbourne"]
[Date "2014.01.03"]
[Round "2.17"]
[White "Stojic, Dusan"]
[Black "Nemeth, John"]
[Result "0-1"]
[WhiteElo "2233"]
[BlackElo "2115"]
[PlyCount "54"]
[EventDate "2014.01.??"]
[EventType "swiss"]
[EventRounds "11"]
[EventCountry "AUS"]
[SourceDate "2014.01.02"]

1. c4 c5 2. Nc3 Nc6 3. g3 g6 4. Bg2 Bg7 5. e4 d6 6. Nge2 e5 7. O-O Be6 8. d3
Nge7 9. a3 Qd7 10. Rb1 a5 11. f4 h5 12. Nd5 Bxd5 13. exd5 Nd4 14. b4 axb4 15.
axb4 b6 16. Bb2 Nef5 17. Nxd4 Ne3 18. Qe2 exd4 19. f5 O-O 20. Be4 Nxf1 21. Rxf1
Ra2 22. fxg6 fxg6 23. Rxf8+ Bxf8 24. Bxg6 Qg4 25. Qxg4 hxg4 26. bxc5 bxc5 27.
Bc1 Ra1 0-1

[Event "2014 Australian Championships"]
[Site "Melbourne"]
[Date "2014.01.03"]
[Round "2.18"]
[White "Puccini, Jack"]
[Black "Nakauchi, Gene"]
[Result "1/2-1/2"]
[WhiteElo "2078"]
[BlackElo "2210"]
[PlyCount "134"]
[EventDate "2014.01.??"]
[EventType "swiss"]
[EventRounds "11"]
[EventCountry "AUS"]
[SourceDate "2014.01.02"]

1. e4 c5 2. Nf3 e6 3. d4 cxd4 4. Nxd4 a6 5. Nc3 b5 6. Bd3 Qb6 7. Nf3 Nc6 8. O-O
Nf6 9. Qe2 d6 10. a4 b4 11. Nb1 Be7 12. Nbd2 Qc7 13. Nc4 O-O 14. Bf4 e5 15. Bg5
Be6 16. Ne3 Nd4 17. Nxd4 exd4 18. Nf5 Bxf5 19. exf5 h6 20. Bxf6 Bxf6 21. Bxa6
Rfe8 22. Qc4 Qa5 23. Bb5 Re5 24. Qd3 Rc5 25. Rac1 Rac8 26. g3 Qc7 27. Rfe1 Rxc2
28. Rxc2 Qxc2 29. Re8+ Kh7 30. Rxc8 Qxc8 31. Bc4 Kg8 32. b3 Qc6 33. Qe2 d5 34.
Qf3 d3 35. Qxd5 Qxd5 36. Bxd5 Kf8 37. Kf1 Ke7 38. a5 Bd4 39. Bc4 d2 40. Ke2
Bxf2 41. Kxd2 f6 42. Kd3 Kd6 43. Ke4 Bg1 44. a6 Kc6 45. h3 Kd6 46. Kf4 Bb6 47.
Be6 Ba7 48. Kg4 Ke7 49. Kh5 Bf2 50. Kg6 Kf8 51. Bc4 Bb6 52. h4 Bf2 53. g4 Be3
54. Bd5 Bd4 55. h5 Be3 56. Bf3 Bd4 57. Be2 Kg8 58. Bd1 Kf8 59. Be2 Kg8 60. Bc4+
Kf8 61. Bd5 Be3 62. Bc4 Bd4 63. Be6 Be3 64. Bd5 Bd4 65. Bc4 Be3 66. Be2 Bd4 67.
Bc4 Be3 1/2-1/2

[Event "2014 Australian Championships"]
[Site "Melbourne"]
[Date "2014.01.03"]
[Round "2.19"]
[White "Choong, Yita"]
[Black "Tang, Jason"]
[Result "1-0"]
[WhiteElo "2203"]
[BlackElo "2067"]
[PlyCount "107"]
[EventDate "2014.01.??"]
[EventType "swiss"]
[EventRounds "11"]
[EventCountry "AUS"]
[SourceDate "2014.01.02"]

1. e4 e6 2. d4 d5 3. Nd2 Nf6 4. e5 Nfd7 5. c3 c5 6. f4 Nc6 7. Ndf3 Qb6 8. g3
cxd4 9. cxd4 Bb4+ 10. Kf2 f6 11. Kg2 O-O 12. Bd3 Kh8 13. Bc2 Be7 14. a3 Qd8 15.
Qd3 f5 16. g4 Qe8 17. h3 Nb6 18. Ne2 Bd7 19. Nc3 Qf7 20. Nd1 Rac8 21. b3 Na5
22. Bd2 Bb5 23. Qxb5 Rxc2 24. Qd3 Rfc8 25. Kg3 g5 26. fxg5 f4+ 27. Kg2 Qg6 28.
Qxg6 hxg6 29. Rb1 Bxa3 30. Nf2 Nc6 31. Bxf4 Rf8 32. Be3 a6 33. h4 Nb4 34. Ne1
Re2 35. Rh3 Nc2 36. Nxc2 Rxc2 37. h5 Kg7 38. hxg6 Rh8 39. Rh6 Rxh6 40. gxh6+
Kxg6 41. Rh1 Kh7 42. g5 Bf8 43. Kf3 Rc3 44. Rg1 Kh8 45. Rg4 Rxb3 46. Rf4 Be7
47. g6 Rxe3+ 48. Kxe3 Bg5 49. Kf3 Bxf4 50. Kxf4 Nc8 51. Kg5 Ne7 52. Ng4 b5 53.
Kf6 Nf5 54. Kf7 1-0

[Event "2014 Australian Championships"]
[Site "Melbourne"]
[Date "2014.01.03"]
[Round "2.20"]
[White "Schon, Eugene"]
[Black "Vlietstra, Marc"]
[Result "1-0"]
[WhiteElo "2195"]
[BlackElo "2035"]
[PlyCount "69"]
[EventDate "2014.01.??"]
[EventType "swiss"]
[EventRounds "11"]
[EventCountry "AUS"]
[SourceDate "2014.01.02"]

1. e4 c5 2. Nf3 d6 3. d4 cxd4 4. Nxd4 Nf6 5. Nc3 a6 6. Be3 Ng4 7. Bg5 h6 8. Bh4
g5 9. Bg3 Bg7 10. h3 Ne5 11. f3 Nbc6 12. Bf2 b5 13. Qd2 Bd7 14. h4 gxh4 15. Nf5
Bxf5 16. exf5 Na5 17. f6 Bxf6 18. Nd5 Nac4 19. Nxf6+ exf6 20. Qd5 Rc8 21. Bxc4
Nxc4 22. Rxh4 Nxb2 23. Kf1 Kf8 24. Be3 h5 25. Rxh5 Rxh5 26. Qxh5 Nc4 27. Bh6+
Ke7 28. Re1+ Ne5 29. f4 Rxc2 30. fxe5 Qb6 31. exd6+ Kd8 32. Qf3 Rc6 33. Qxf6+
Kc8 34. Bf4 Rc5 35. Qh8+ 1-0

[Event "2014 Australian Championships"]
[Site "Melbourne"]
[Date "2014.01.03"]
[Round "2.21"]
[White "Zulfic, Fedja"]
[Black "Louie, Ryan"]
[Result "1-0"]
[WhiteElo "2152"]
[BlackElo "1909"]
[PlyCount "61"]
[EventDate "2014.01.??"]
[EventType "swiss"]
[EventRounds "11"]
[EventCountry "AUS"]
[SourceDate "2014.01.02"]

1. d4 Nf6 2. c4 g6 3. Nc3 d5 4. cxd5 Nxd5 5. Bd2 Bg7 6. e4 Nxc3 7. Bxc3 O-O 8.
Be2 Nc6 9. d5 Bxc3+ 10. bxc3 Na5 11. h4 h5 12. g4 hxg4 13. Bxg4 c5 14. h5 Qd6
15. Bxc8 Raxc8 16. Qg4 f5 17. exf5 Qe5+ 18. Ne2 Qxf5 19. Qh4 Qxh5 20. Qe4 Qf5
21. Qxe7 Qxf2+ 22. Kd2 Rf7 23. Qe6 Qf5 24. Rag1 Nc4+ 25. Kc1 Qxe6 26. dxe6 Rg7
27. Nf4 Ne5 28. Rg5 Nf3 29. Rg3 Rf8 30. Rxf3 g5 31. Rfh3 1-0

[Event "2014 Australian Championships"]
[Site "Melbourne"]
[Date "2014.01.03"]
[Round "3.1"]
[White "Papin, Vasily"]
[Black "Lane, Gary"]
[Result "1-0"]
[WhiteElo "2510"]
[BlackElo "2375"]
[PlyCount "69"]
[EventDate "2014.01.??"]
[EventType "swiss"]
[EventRounds "11"]
[EventCountry "AUS"]
[SourceDate "2014.01.02"]

1. c4 c6 2. Nf3 d5 3. e3 Nf6 4. Qc2 e6 5. b3 Nbd7 6. Bb2 Bd6 7. Nc3 O-O 8. Be2
Qe7 9. O-O b6 10. cxd5 Nxd5 11. Ne4 Bb7 12. Nxd6 Qxd6 13. Ng5 N5f6 14. f4 h6
15. Ne4 Qe7 16. Nxf6+ Nxf6 17. Rf3 c5 18. Rg3 Kh8 19. Rf1 Rg8 20. Rh3 Rgf8 21.
g4 Ng8 22. g5 f6 23. gxh6 gxh6 24. Kf2 Rf7 25. Rg1 Rg7 26. Rxg7 Qxg7 27. Rg3
Qf7 28. Rg6 Rf8 29. Bh5 Qd7 30. Rg1 Ba6 31. Bg6 Rd8 32. Ke1 Bd3 33. Bxd3 Qxd3
34. Qxd3 Rxd3 35. Bd4 1-0